|
|
|
|
| LEADER |
01181nam a22002297i 4500 |
| 001 |
10112224 |
| 003 |
GR-PaULI |
| 005 |
20220407115506.0 |
| 008 |
140310s19uu gr f 0 gre d |
| 952 |
|
|
|0 0
|1 0
|2 ddc
|3 τ.2
|4 0
|6 478_071000000000000_ΔΕΦ
|7 0
|9 356031
|a LISP
|b LISP
|c DON
|d 2022-02-11
|e ΠΑΤ
|i 151593
|l 0
|o 478.071 ΔΕΦ
|p 025000290409
|r 2022-02-11 00:00:00
|t 1
|v 2022.00
|w 2022-02-11
|y BKN
|
| 952 |
|
|
|0 0
|1 0
|2 ddc
|3 τ.3
|4 0
|6 478_071000000000000_ΔΕΦ
|7 0
|9 356032
|a LISP
|b LISP
|c DON
|d 2022-02-11
|e ΠΑΤ
|i 151065
|l 0
|o 478.071 ΔΕΦ
|p 025000290408
|r 2022-02-11 00:00:00
|t 1
|v 2022.00
|w 2022-02-11
|y BKN
|
| 999 |
|
|
|c 208584
|d 208584
|
| 040 |
|
|
|a GR-PaULI
|b gre
|c GR-PaULI
|e AACR2
|
| 082 |
0 |
4 |
|a 478.071
|2 23
|
| 100 |
1 |
|
|a Δέφνερ, Μιχαήλ,
|d 1848-1934
|e συγγραφέας.
|9 131555
|
| 245 |
1 |
0 |
|a Θέματα λατινικής μεθόδου /
|b
|c Μιχαήλ Δέφνερ.
|
| 260 |
|
|
|a Αθήναι :
|b Ι. Σιδέρης,
|c [19--].
|
| 300 |
|
|
|a 3 τ. ;
|c 17 εκ.
|
| 500 |
|
|
|a -- τ. 2. - 218 σ. -- τ. 3. - 192 σ.
|
| 650 |
|
4 |
|9 80610
|a Λατινική γλώσσα
|x Μελέτη και διδασκαλία.
|
| 942 |
|
|
|2 ddc
|c BKN
|
| 998 |
|
|
|c ΜΠΟΥΡΑΣ
|d 2022-02
|